| 000 | 00000nam##2200000za#4500 |
| 001 | 9.601597 |
| 003 | CaOODSP |
| 005 | 20210624210141 |
| 007 | cr ||||||||||| |
| 008 | 150406|2002||||xxc|||||o f|0| 0 fre|d |
| 040 | |aCaOODSP|bfre |
| 043 | |an-cn--- |
| 086 | 1 |aYC25-0/371-5F-PDF |
| 110 | 1 |aCanada. |bParlement. |bSénat. |bComité permanent des pêches et des océans. |
| 245 | 10|aThèmes choisis sur les pêches en eau douce et les pêches du nord : |h[ressource électronique]|brapport du Comité sénatorial permanent des pêches / |cL'honorable Gerald J. Comeau, président; L'honorable Joan Cook, vice-présidente. |
| 260 | |aOttawa - Ontario : |bSénat. |cFévrier 2002. |
| 300 | |a68p.|bcartes (certaines en couleur), références, tableau |
| 490 | 1 |aRapport du Comité sénatorial permanent des pêches et océans|v37e législature, 1re session, [5e rapport] |
| 590 | |a11-12-Supp|b2011-07-29 |
| 775 | 08|tSelected themes on Canada's freshwater and northern fisheries : |w(CaOODSP)9.570955 |
| 830 | #0|aRapport du Comité sénatorial permanent des pêches et océans ;|v37e législature, 1re session, [5e rapport]|w(CaOODSP)9.502204 |
| 856 | 40|ahttp://publications.gc.ca|qPDF|s1.18 Mo|uhttps://publications.gc.ca/collections/collection_2011/sen/yc25-0/YC25-0-371-5-fra.pdf|y37e législature, 1re session, [5e rapport] |